MARC

LEADER 00000nam0a2200000 4500
001 128695
005 20231031133003.0
035 |a (RuTPU)RU\TPU\book\139250 
090 |a 128695 
100 |a 20080110d1973 km y0rusy50 ca 
101 0 |a rus 
102 |a RU 
105 |a a g 000zy 
200 1 |a Справочник работника газового хозяйства  |f М. А. Нечаев [и др.] 
205 |a 3-е изд., перераб. и доп. 
210 |a Ленинград  |c Недра  |d 1973 
215 |a 360 с.  |c ил. 
610 1 |a справочники 
610 1 |a газовое хозяйство 
610 1 |a практические указания 
610 1 |a эксплуатация 
610 1 |a ремонт 
610 1 |a газовое оборудование 
610 1 |a газовое топливо 
610 1 |a потребители 
675 |a 662.959(035)  |v 3 
701 1 |a Нечаев  |b М. А.  |g Михаил Александрович 
701 1 |a Иссерлин  |b А. С.  |g Александр Семенович 
701 1 |a Млодок  |b Б. И.  |g Борис Иосифович 
701 1 |a Плотникова  |b А. Н.  |g Анфуса Николаевна 
801 1 |a RU  |b 63413507  |c 20080110  |g PSBO 
801 2 |a RU  |b 63413507  |c 20201002  |g PSBO 
942 |c BK